000 00646nam a22001575i 4500
001 164725
003 ES-MaACL
005 20230906213005.0
008 981002m18621866it |||| | lat d
040 _aAS
_bspa
_cCCPB | 3D
100 1 _aSanseverino, Caietano.
_9132417
245 1 0 _aPhilosophia christiana cum antiqua et nova comparata /
_cauctore Caietano Sanseverino.
260 _aNeapoli :
_b[s.n.],
_c1862-1866 (
_fTypis Vincentii Manfredi)
300 _a6 v. ;
_c23 cm.
852 _aES-MaACL
_jG-11900-11901
_z-- Enc. hol.
_q-- Contiene unicamente Logicae pars I, Vol.I, 1862 (160, CMIII p.) y Dynamilogiae, Vol.I, 1862 ([4], p. 305-1569)
999 _c164725
_d164725